000 00771nam a2200229 i 4500
001 bgj
245 0 0 _aReader's Choice :
_ba reading skills textbook for student's of English as a second language /
_cE. Margaret Baudoin [et al.].
260 _aAnn Arbor :
_bThe University of MIchigan Press,
_cc. 1977.
300 _aXXIII, 277 pp :
_bill. ;
_c28 cm.
650 9 _aCollege readers
700 1 _aBAUDOIN, Margaret E.
_eco-author
700 1 _aBOBER, Ellen S.
_eco-author
700 1 _aCLARKE, Mark A.
_eco-author
700 1 _aDOBSON, Barbara K.
_eco-author
700 1 _aSILBERSTEIN, Sandra
_d(1948- ).
_eco-author
020 _a0472081004
040 _cBPK
041 _aeng
920 _a0-472-08100-4
942 _cKS
008 s uk f |000 0 eng
999 _c47347
_d47347